| 000 | 00808 a2200289 4500 | ||
|---|---|---|---|
| 001 | 69283 | ||
| 003 | TR-AnTOB | ||
| 005 | 20240911104038.0 | ||
| 008 | 080501s2008 tu tur | ||
| 040 |
_aTR-AnTOB _cTR-AnTOB _beng _erda |
||
| 041 | 0 | _atur | |
| 050 |
_aLA942. _bE35 |
||
| 090 | _aLA942. E35 | ||
| 245 | 0 | _aEğitim izleme raporu. | |
| 264 | 1 |
_aİstanbul : _bSabancı Üniversitesi, _c2007-2008. |
|
| 300 | _c29 cm. | ||
| 336 |
_2rdacontent _atext _btxt |
||
| 337 |
_2rdamedia _aunmediated _bn |
||
| 338 |
_2rdacarrier _avolume _bnc |
||
| 500 | _aKütüphanedeki mecvutları;2007,2008. | ||
| 650 |
_aEğitim _zTürkiye _919023 |
||
| 650 | 0 |
_aEğitim _zTürkiye _vİstatistikler _985475 |
|
| 710 | 2 |
_927506 _aSabancı Üniversitesi |
|
| 710 | 2 |
_aEğitim Reformu Girişimi _919461 |
|
| 942 |
_cBK _2lcc |
||
| 999 |
_c69283 _d19063 |
||